HOME OWNER,S GUIDE / (Record no. 588559)

000 -LEADER
fixed length control field 00315nam a22001337a 4500
020 ## - INTERNATIONAL STANDARD BOOK NUMBER
International Standard Book Number PB.
040 ## - CATALOGING SOURCE
Transcribing agency FIZZA ISHAQ
082 ## - DEWEY DECIMAL CLASSIFICATION NUMBER
Classification number 333.338
Author Mark JUD
100 ## - MAIN ENTRY--PERSONAL NAME
Personal name HARGREAVES,JUDITH.
9 (RLIN) 90196
245 ## - TITLE STATEMENT
Title HOME OWNER,S GUIDE /
Statement of responsibility, etc. JUDITH HARGREAVES.
260 ## - PUBLICATION, DISTRIBUTION, ETC.
Place of publication, distribution, etc. LONDON ;
Date of publication, distribution, etc. 1987.
300 ## - PHYSICAL DESCRIPTION
Extent 894 P. ;
942 ## - ADDED ENTRY ELEMENTS (KOHA)
Source of classification or shelving scheme
Koha item type Book
Holdings
Withdrawn status Lost status Source of classification or shelving scheme Damaged status Not for loan Permanent Location Current Location Date acquired Total Checkouts Full call number Barcode Date last seen Price effective from Koha item type
          NUST Baluchistan Campus (NBC) NUST Baluchistan Campus (NBC) 03/04/2022   333.338 JUD Q-2365 03/04/2022 03/04/2022 Book
© 2023 Central Library, National University of Sciences and Technology. All Rights Reserved.